The promise of land : undoing a century of dispossession in South Africa (Record no. 216505)

MARC details
000 -LEADER
fixed length control field 00330nam a2200097Ia 4500
082 ## - DEWEY DECIMAL CLASSIFICATION NUMBER
Classification number 333.3168|HEND
008 - FIXED-LENGTH DATA ELEMENTS--GENERAL INFORMATION
fixed length control field 210817s9999 xx 000 0 und d
100 ## - MAIN ENTRY--PERSONAL NAME
Personal name Hendricks, Fred T. Auckland Park, South Africa, 2013
9 (RLIN) 67244
245 #0 - TITLE STATEMENT
Title The promise of land : undoing a century of dispossession in South Africa
942 ## - ADDED ENTRY ELEMENTS
item type Books
Holdings
Withdrawn status Lost status Damaged status Not for loan Home library Current library Date acquired Cost, normal purchase price Total Checkouts Barcode Date last seen Price effective from item type
        Emthonjeni PL (MMID-PLEMA-EMTH) Emthonjeni PL (MMID-PLEMA-EMTH) 18.08.2021 294.00   33228021334063 18.08.2021 18.08.2021 Books